000 00557nam a2200205Ia 4500
008 180523s9999 xx 000 0 und d
020 _a81-7992-325-8
050 _aMAIN HF 5549.5
050 _b.I6M36 2004
100 _aMandal, S.K.
245 0 _aHow to succeed group discussions & personal interviews /
245 0 _cS.K. Mandal.
260 _aNew Delhi :
260 _bJaico Publishing,
260 _c2004
300 _a174 pages :
300 _c22 cm.
500 _aIncludes bibliographical references.
650 _aEmployment interviewing
999 _c357168
_d357168